Nina's heavenly delights /
Sparad:
| Övriga upphov: | , , , , , |
|---|---|
| Materialtyp: | |
| Språk: | engelska |
| Utgiven: |
[Gran Bretagna] :
Verve Pictures,
2007
|
| Taggar: |
Inga taggar, Lägg till första taggen!
|
MARC
| LEADER | 00000ngm a22000007i 4500 | ||
|---|---|---|---|
| 001 | IT\ICCU\UBO\3870095 | ||
| 003 | ItRI | ||
| 005 | 20260124182911.0 | ||
| 008 | 110623s2008 xxk|||||||||||||||k|||||c | ||
| 028 | 4 | 2 | |a VER7737 |
| 040 | |b ita | ||
| 041 | 7 | |a eng |2 ISO-639-2 | |
| 130 | 0 | |a Nina's heavenly delights <film ; 2007> |3 IT\ICCU\UBO\3870100 | |
| 245 | 0 | 0 | |a Nina's heavenly delights / |c directed by Pratibha Parmar ; screenplay by Andrea Gibb. |
| 260 | |a [Gran Bretagna] : |b Verve Pictures, |c 2007 | ||
| 300 | |a 1 DVD video (ca. 91 min) : |b color | ||
| 500 | |a Caratteristiche tecniche: regione 2; PAL; 16:9, Dolby digital, stereo | ||
| 500 | |a Titolo del contenitore | ||
| 500 | |a Interpreti: Laura Fraser, Art Malik, Ronny Jhutti, Veena Sood, Shelley Conn | ||
| 500 | |a Produzione cinematografica: Gran Bretagna 2007 | ||
| 500 | |a Contenuti extra: trailer, scene selection | ||
| 500 | |a Visione in presenza di un adulto. | ||
| 700 | 1 | |a Malik, Art |0 IT\ICCU\RAVV\327931 | |
| 700 | 1 | |a Fraser, Laura |c (attrice) |0 IT\ICCU\RAVV\616211 | |
| 700 | 1 | |a Parmar, Pratibha |0 IT\ICCU\TSAV\012493 | |
| 700 | 1 | |a Jhutti, Ronny |0 IT\ICCU\UBOV\395932 | |
| 700 | 1 | |a Sood, Veena |0 IT\ICCU\UBOV\395933 | |
| 700 | 1 | |a Conn, Shelley |0 IT\ICCU\UBOV\395934 | |
| 942 | |2 ddc |c VM |n 0 | ||
| 952 | |0 0 |1 0 |4 0 |6 VO_1699_000000000000000 |7 0 |9 27796 |a BO |b BO |d 2026-01-24 |i 13032 |l 0 |o VO 1699 |p BO13032 |r 2026-01-24 18:29:11 |w 2026-01-24 |x [Sebina 5] [1 dvd] |y VM |z 1 dvd | ||
| 999 | |c 23560 |d 23560 | ||